000 002870000a22000970004500
100 1 _aWinter, Ralph D.
245 1 0 _aChristian history in cross-cultural perspective
300 _aVol. 12, Núm 3 (1995), Páginas 127-132
773 0 _tInternational Journal of Frontier Misions
942 _cANA
999 _c55286
_d55286